Culture Générale - Série 2258 - Statistiques

Statistiques générales
  • Ce quiz a été pris 177 fois
  • Le résultat moyen est 5 sur 10
Statistiques - réponses
Question Réponse % Correct
Jeu où l'un des joueurs a les yeux bandés et cherche les autres à l'aveuglette, jusqu'à ce qu'il en saisisse un, qu'il doit nommer.- 2 mots colin-maillard
88%
Quel gaz incombustible est utilisé pour gonfler les ballons dirigeables ? hélium
87%
Lorsque quelqu'un se fait éconduire, on dit " qu'il prend un ... ( 6 lettres commençant par " r " ) rateau
80%
Sous quel sobriquet connaissait-on mieux Michel Georges Alfred Catty ? voir photo Michou
73%
Qui a écrit "La mare au diable" en 1846 ? prénom et nom George Sand
63%
Spécialité des cuisines grecque et turque, à base d'œufs de poissons (généralement de mulet, ou encore de cabillaud) tarama
51%
Quel titre de noblesse désigne également un "auvent" ? marquise
50%
Le petit verre qu'on boit avant de partir est appelé "le coup de l'.... étrier
28%
Fête dédiée à Dionysos ou Bacchus, dans l'Antiquité (5 lettres) orgie
19%
Pousse issue de la racine d'un végétal qui peut devenir autonome et être replantée comme nouvel individu - synonyme de "rejet" - 7 lettres commençant par " d " drageon
3%
Aucun quiz correspondant
Distribution des résultats
% des personnes avec chaque résultat
Percentile par nombre de réponses
Votre historique - résultats
Vous n’avez pas pris ce quiz